Fire safety risk assessment (Record no. 105528)

MARC details
000 -LEADER
fixed length control field 01511cam a2200265 4500
001 - CONTROL NUMBER
control field ##L134053
008 - FIXED-LENGTH DATA ELEMENTS--GENERAL INFORMATION
fixed length control field 060705n2006 000 0 eng u
020 ## - INTERNATIONAL STANDARD BOOK NUMBER
International Standard Book Number 1851128212
-- 9781851128211
035 ## - SYSTEM CONTROL NUMBER
System control number (Sirsi) u134053
041 0# - LANGUAGE CODE
Language code of text/sound track or separate title eng
050 04 - LIBRARY OF CONGRESS CALL NUMBER
Classification number 692.21 $2 18
110 2# - MAIN ENTRY--CORPORATE NAME
Corporate name or jurisdiction name as entry element United Kingdom
Subordinate unit Department for Communities and Local Government
9 (RLIN) 4939
245 00 - TITLE STATEMENT
Title Fire safety risk assessment
Remainder of title large places of assembly
260 ## - PUBLICATION, DISTRIBUTION, ETC.
Place of publication, distribution, etc. London
Name of publisher, distributor, etc. DCLG
Date of publication, distribution, etc. 2006
300 ## - PHYSICAL DESCRIPTION
Extent 152p.
Other physical details ill.
Dimensions 30cm.
350 ## - PRICE (NR) (BK AM CF MU VM SE) [OBSOLETE]
Price 12
490 #0 - SERIES STATEMENT
Series statement DCLG Fire Safety Risk Assessment
505 2# - FORMATTED CONTENTS NOTE
Formatted contents note Fire risk assessment -- Identify fire hazards -- Identify people at risk -- Evaluate, remove, reduce and protect from risk -- Record, plan, inform, instruct and train -- Further guidance fire risk assessment and fire precautions -- Preventative measures -- Detection and warning systems -- Firefighting equipment and facilities -- Escape routes -- Emergency escape lighting -- Signs and notices -- Quality assurance of fire protection equipment and installation
520 ## - SUMMARY, ETC.
Summary, etc. Aimed at employers, managers, occupiers and owners of large places of assembly. Instructs on what has to be done to comply with fire safety law, carrying out a fire risk assessment, and identifying the general fire precautions that need to be in place.
650 24 - SUBJECT ADDED ENTRY--TOPICAL TERM
Topical term or geographic name entry element REGULATORY REFORM (FIRE SAFETY) ORDER 2005
651 #4 - SUBJECT ADDED ENTRY--GEOGRAPHIC NAME
Geographic name England and Wales
Chronological subdivision 1543-
690 ## - LOCAL SUBJECT ADDED ENTRY--TOPICAL TERM (OCLC, RLIN)
Topical term or geographic name as entry element MANAGEMENT-HEALTH AND SAFETY-FIRE SAFETY-FIRE RISK ASSESSMENT
942 ## - ADDED ENTRY ELEMENTS (KOHA)
Suppress in OPAC 0
Holdings
Withdrawn status Lost status Source of classification or shelving scheme Damaged status Not for loan Home library Current library Shelving location Date acquired Cost, normal purchase price Total Checkouts Full call number Barcode Date last seen Date last checked out Copy number Cost, replacement price Price effective from Koha item type
    Dewey Decimal Classification     London London Books 27/07/2006 10.20 3 692.21 DEP 30073120 06/08/2019 16/09/2008 1 10.20 06/08/2019 Book